000
00216nam a22000857a 4500
008
170605b xxu||||| |||| 00| 0 eng d
100
_9
3265
_a
Savitri
245
_a
Tales from Indian classics
260
_a
New Delhi
_b
CBT
_c
2003
999
_c
6579
_d
6579